Most Competitive Economies, Top-10 by Continent - Statistics

General Stats
  • This quiz has been taken 60 times
  • The average score is 38 of 50
Answer Stats
WR Nation % Correct
2 USA
98%
4 Germany
96%
6 United Kingdom
96%
12 Canada
94%
26 China
94%
6 Japan
94%
49 Mexico
94%
10 Finland
91%
10 Norway
91%
18 Australia
89%
4 Netherlands
89%
12 New Zealand
89%
2 Singapore
89%
38 South Africa
89%
26 South Korea
89%
6 Sweden
89%
12 Denmark
87%
38 Indonesia
87%
1 Switzerland
87%
33 Thailand
87%
33 Chile
85%
18 Malaysia
85%
58 Vietnam
85%
12 Belgium
83%
38 Panama
83%
12 Taiwan
83%
83 Algeria
81%
67 Morocco
81%
58 Colombia
79%
49 Costa Rica
79%
12 United Arab Emirates
77%
18 Austria
75%
18 Israel
75%
67 Uruguay
75%
49 Philippines
74%
29 Saudi Arabia
74%
92 Kenya
72%
18 Qatar
70%
92 Tunisia
70%
74 Jamaica
68%
58 Botswana
57%
83 Cambodia
57%
67 Barbados
53%
58 Brunei
53%
38 Mauritius
51%
101 Gabon
40%
49 Rwanda
38%
33 Azerbaijan
25%
6 Hong Kong
25%
92 Ivory Coast
25%
No matching quizzes found
Score Distribution
Percent of People with Each Score
Percentile by Number Answered
Your Score History
You have not taken this quiz